Drama devatenáct set padesát šest /

Uložené v:
Podrobná bibliografia
Hlavný autor: Politicus (Author)
Médium: Kniha
Jazyk:Czech
Vydané: Praha : Státní nakladatelství politické literatury, 1957.
Vydanie:Vyd. 1.
ISBN: (brož.)
Fyzický popis: 140 s. + : mapy, fot., tab.
Tagy: Pridať tag
Žiadne tagy, Buďte prvý kto otaguje tento záznam!

MARC

LEADER 00000nam a22000007a 4500
001 000576421
005 20180408181631.0
008 980909 1957 xr e cze d
020 |a (brož.)  |c Kčs 6,00 
040 |a SVKKK  |b slo  |c SVKKK  |e AACR2 
041 0 |a cze 
044 |a xr  |c CZ 
100 0 |a Politicus  |4 aut 
245 1 0 |a Drama devatenáct set padesát šest /  |c Politicus. 
250 |a Vyd. 1. 
260 |a Praha :  |b Státní nakladatelství politické literatury,  |c 1957. 
300 |a 140 s. + :  |b mapy, fot., tab. 
366 |e 11900 výt. 
500 |a Meno autora je pseudonym 
500 |a Kalendár najdôležitejších událostí v r. 1956 
910 |a svkkk 
998 |a BK 
090 |g SCKHL  |k Sklad Pribinova 2. posch.  |a III.29232  |j 131879  |i 2720315179  |s Prezenčne 
090 |g SCKHL  |k Sklad Pribinova 2. posch.  |a III.35556  |j 137640  |i 2720346462  |4 Duplikát  |s Vyradená